Welcome to the Holygrace Academy Library

Please use search bar below to get started

JACK'S BABY (Record no. 3005)

MARC details
000 -LEADER
fixed length control field 00289nam a22001337a 4500
020 ## - INTERNATIONAL STANDARD BOOK NUMBER
ISBN 0-373-11857-0
082 ## - DEWEY DECIMAL CLASSIFICATION NUMBER
Classification number 823
Item number DAR/J
100 ## - MAIN ENTRY--AUTHOR NAME
Personal name DARCY, EMMA
245 ## - TITLE STATEMENT
Title JACK'S BABY
260 ## - PUBLICATION, DISTRIBUTION, ETC. (IMPRINT)
Place of publication TORONTO
Name of publisher HARLEQUIN BOOKS
Year of publication 1997
300 ## - PHYSICAL DESCRIPTION
Number of Pages 186
650 ## - SUBJECT ADDED ENTRY--TOPICAL TERM
Topical Term NOVEL
Geographic subdivision NORTH AMERICA
942 ## - ADDED ENTRY ELEMENTS (KOHA)
Koha item type Books
Holdings
Withdrawn status Lost status Collection code Home library Current library Shelving location Date acquired Source of acquisition Cost, normal purchase price Full call number Accession Number Koha item type
    Fiction Main Library Main Library SHELF-14D- ALPHABETICAL -D--ENGLISH NOVELS & FICTIONS 01/02/2019 purchase 30.00 823 DAR/J 10942 Books